000 00462nam a2200169Ia 4500
005 20250326140954.0
008 250326s9999 xx 000 0 und d
037 _aTextbook
040 _aFMSL
_beng
_cFMSL
041 _aeng
_2eng
084 _aX9B N6
_qFMSL
100 _aGovt. OF India
245 0 _aSmall scale sector today
_cGovt. OF India
260 _aDelhi
_bDelhi, Govt. of India
_c1996
942 _cTB
_hX9B N6
999 _c1288103
_d1288103